[Event "IND-ch U15 Girls 38th"]
[Site "New Delhi"]
[Date "2022.11.29"]
[Round "3"]
[White "Jeevika, S1111"]
[Black "Drishtee, Ghosh"]
[Result "1-0"]
[WhiteElo "1438"]
[BlackElo "1281"]
[PlyCount "67"]
[EventDate "2022.11.28"]
[EventType "swiss"]
[EventRounds "11"]
[EventCountry "IND"]
[SourceTitle "CBM 211 Extra"]
[Source "ChessBase"]
[SourceDate "2023.01.31"]
[SourceVersion "1"]
[SourceVersionDate "2023.01.31"]
[SourceQuality "1"]

1. e4 c5 2. Nf3 d6 3. d4 cxd4 4. Nxd4 Nf6 5. Nc3 a6 6. Be3 e5 7. Nb3 Be6 8. f3 Be7 9. Qd2 Nbd7 10. g4 h6 11. h4 b5 12. Be2 Nb6 13. Na5 Qc7 14. 0-0-0 Nfd7 15. Nd5 Bxd5 16. exd5 Rc8 17. Nc6 Nxd5 18. Nxe7 Nxe7 19. Kb1 d5 20. c3 0-0 21. f4 Qc6 22. Bf3 e4 23. Bxe4 dxe4 24. Qxd7 Rc7 25. Qd2 Rfc8 26. f5 Qe8 27. f6 Nc6 28. fxg7 Rd8 29. Qf2 Rxd1+ 30. Rxd1 Kxg7 31. Bxh6+ Kxh6 32. Qf6+ Kh7 33. Rd5 Kg8 34. Rh5 1-0